000 00419pab a2200169 454500
008 180718b2011 xxu||||| |||| 00| 0 eng d
100 _aGupta, Pardeep
245 _aStatus of higher education in India: An appraisal
260 _c2011
300 _ap.11-13.
362 _a12 Sep
650 _aHigher education - India
650 _aHigher education
773 _aUniversity News
908 _aN
909 _a93084
999 _c93084
_d93084